000 01291 a2200229 4500
003 Nust
005 20170207154050.0
010 _a 2005012335
020 _a0838909078 (alk. paper)
035 _a(OCoLC)ocm60341484
040 _cNust
082 0 0 _a027.62/5/0973
100 1 _aSullivan, Michael,
245 1 0 _aFundamentals of children's services(E-BOOK)
_cMichael Sullivan.
260 _aChicago :
_bAmerican Library Association,
_c2005.
300 _ax, 255 p. :
_bill. ;
_c23 cm.
440 0 _aALA fundamentals series
505 0 _aWhere we fit in -- Principles of children's librarianship -- Whom do children's librarians serve? -- Purposes and components -- Selection and acquisition -- Cataloging and organization -- Evaluation and deselection/weeding -- After-school services -- Reference -- Reader's advisory -- The Internet -- Story hours -- Book discussion groups -- Booktalking -- Entertainment and enrichment programs -- Summer reading programs -- Family programs and family literacy -- Budget and finance -- Planning -- Policy and procedures -- Public relations, promotion, and marketing -- Professional development.
650 0 _aChildren's libraries
_zUnited States.
651 _aE-BOOK
856 4 1 _3Table of contents
_uhttp://www.loc.gov/catdir/toc/ecip0512/2005012335.html
942 _2ddc
_cBK
999 _c193061
_d193061